01062nab a22002177a 4500999001500000003000400015005001700019008004100036040000700077100004100084245015800125260007200283300001000355500003800365505015600403505008900559650002600648650001900674773013800693942001300831 c5722d5722OSt20251231173130.0190605e xxu||||| |||| 00| 0 spa d cPJ 96645aGarcía López, Martín A. 13aEl obrero futbolista. Generalidades y particularidades de la relación laboral de los jugadores de fútbol profesional /cMartín A. García López. aCiudad Autónoma de Buenos Aires :bThomson Reuters La Ley,c2023. ap. 24 aCita: TR LALEY AR/DOC/937/2023.  aSumario: I. Introducción.— II. Sujetos de la relación laboral.— III. La relación laboral.— IV. Una lógica invertida.— V. Conclusión.  t¿Te interesa el texto completo? Solicitalo al correo: koha@justierradelfuego.gov.ar 091316aDERECHO LABORAL 093725aDEPORTES0 0271193168dCiudad Autónoma de Buenos Aires : Thomson Reuters La Ley, 1999-2002.tRevista de derecho del trabajo. Nº 3 - Mayo 2023 2udccANA